000 00427nam a2200181Ia 4500
001 16848
005 20260306170341.0
008 260306t2001||||xx |||||||||||||| ||und||
041 _aESP
082 _a657.044
_bN56
100 _aNikolai, Loren A.
_eAUT
245 0 _aContabilidad intermedia
260 _c2001
300 _axxii, 1097 páginas :
_c27 cm.
650 _aGEN
654 _aCCO
942 _cLIB
_dJUS
_fJUS
_2ddc
_n
999 _c16848
_d16848